El Abstencionismo como hecho capital: un diagnóstico crítico /
Kaydedildi:
| Yazar: | |
|---|---|
| Materyal Türü: | Metin |
| Konular: | |
| Etiketler: |
Etiketle
Etiket eklenmemiş, İlk siz ekleyin!
|
MARC
| LEADER | 00000 a a2200000 04500 | ||
|---|---|---|---|
| 001 | 16810 | ||
| 003 | |||
| 040 | |||
| 100 | |a Barahona Krüger, Pablo | ||
| 245 | |a El Abstencionismo como hecho capital: |b un diagnóstico crítico / |c Pablo Barahona Krüger | ||
| 650 | |a GOBIERNO LOCAL | ||
| 650 | |a ELECCIONES | ||
| 650 | |a PARTICIPACION POLITICA | ||
| 650 | |a PARTIDOS POLITICOS | ||
| 650 | |a ANALISIS POLITICO | ||
| 650 | |a CULTURA POLITICA | ||
| 773 | |g volumen 11, número 1; páginas 147-167 | ||
| 999 | |c 24051 |d 24051 | ||
